<?xml version="1.0" encoding="UTF-8"?>
<record
    xmlns:xsi="http://www.w3.org/2001/XMLSchema-instance"
    xsi:schemaLocation="http://www.loc.gov/MARC21/slim http://www.loc.gov/standards/marcxml/schema/MARC21slim.xsd"
    xmlns="http://www.loc.gov/MARC21/slim">

  <leader>02379agaaa2200349   4500</leader>
  <controlfield tag="001">2023</controlfield>
  <controlfield tag="003">IT-RoPAU</controlfield>
  <controlfield tag="005">20220918181255.0</controlfield>
  <controlfield tag="007">d cvaizq</controlfield>
  <controlfield tag="008">50131s9999||||xx ||| |     ||   ||und||</controlfield>
  <datafield tag="040" ind1=" " ind2=" ">
    <subfield code="a">IT-RoPAU</subfield>
    <subfield code="c">IT-RoPAU</subfield>
  </datafield>
  <datafield tag="041" ind1=" " ind2=" ">
    <subfield code="a">ITALIANO</subfield>
  </datafield>
  <datafield tag="100" ind1=" " ind2=" ">
    <subfield code="a">Badham John</subfield>
    <subfield code="g">Codice regista SPICS: 11289</subfield>
    <subfield code="9">50769</subfield>
  </datafield>
  <datafield tag="130" ind1=" " ind2=" ">
    <subfield code="a">DUE NEL MIRINO</subfield>
    <subfield code="9">50770</subfield>
  </datafield>
  <datafield tag="240" ind1=" " ind2=" ">
    <subfield code="a">BIRD ON A WIRE</subfield>
    <subfield code="g">T2455</subfield>
  </datafield>
  <datafield tag="245" ind1=" " ind2=" ">
    <subfield code="a">DUE NEL MIRINO</subfield>
    <subfield code="c">Prodotto da: Cohen Robert -- Sceneggiatura: Seltzer David Venosta Louis Lerner Eric -- Diretto da: Badham John</subfield>
    <subfield code="p">DUE NEL MIRINO (Rif. Codice opera principale : B2023)</subfield>
  </datafield>
  <datafield tag="246" ind1=" " ind2=" ">
    <subfield code="a">BIRD ON A WIRE</subfield>
  </datafield>
  <datafield tag="250" ind1=" " ind2=" ">
    <subfield code="a">Edizione Standard</subfield>
  </datafield>
  <datafield tag="260" ind1=" " ind2=" ">
    <subfield code="a">(USA)</subfield>
    <subfield code="b">INTERSCOPE COMMUNICATIONS / Distribuzione: CIC VIDEO</subfield>
    <subfield code="g">"1990 (1&#xB0; ed.: 1992 ; Ed. Lingua Orig.: 1990)"</subfield>
  </datafield>
  <datafield tag="300" ind1=" " ind2=" ">
    <subfield code="a">VHS</subfield>
    <subfield code="b">sonoro, col.</subfield>
    <subfield code="c">106 minuti</subfield>
  </datafield>
  <datafield tag="508" ind1=" " ind2=" ">
    <subfield code="a">"Fotografia: Primes Robert; Montaggio: Morris Frank Puett D; Musica: Zimmer Hans; Sceneggiatura: Seltzer David Venosta Louis Lerner Eric; Scenografia: Harrison Philip; Soggetto: Venosta Louis -- Lerner Eric J."</subfield>
  </datafield>
  <datafield tag="511" ind1=" " ind2=" ">
    <subfield code="a">"Gibson Mel; Hawn Goldie; Carradine David; Duke Bill; Severance Joan; Caesar Harry"</subfield>
  </datafield>
  <datafield tag="520" ind1=" " ind2=" ">
    <subfield code="a">DUE SUPERSTAR MEL GIBSON E GOLDIE HAWN SI RITROVANO INSIEME A BORDO DI UNALUSSUOSA CABRIOLET IN QUESTA TURBOLENTA COMMEDIA D'AZIONE. RICK JARMIN E' UN TESTIMONE PROTETTO DALL'FBI CON UN NUOVO LAVORO ED UNA NUOVA IDENTITA'. LE SUE DISAVVENTURE HANNO INIZIO QUANDO SI IMBATTE PER CASO IN UNA SUA VECCHIA FIAMMA LA BIONDISSIMA MARIANNE CHE LO CREDEVA MORTO DA LUNGO TEMPO. NELFRATTEMPO L'UOMO CHE RICK MANDO' IN PRIGIONE CON LA SUA TESTIMONIANZA E' STATO RILASCIATO ED E' RIUSCITO A RINTRACCIARLO PER VENDICARSI. IL GARAGE DOVE EGLI LAVORA INFATTI VIENE FATTO SALTARE E L'UNICA VIA DI SCAMPO PER RICKE MARIANNE COINVOLTA SUO MALGRADO E' UNA FRENETICA ED ESILARANTE FUGA IN AUTO CON I CRIMINALI E LA POLIZIA ALLE COSTOLE. AVVENTURA A COLORI.</subfield>
  </datafield>
  <datafield tag="538" ind1=" " ind2=" ">
    <subfield code="a">PAL, STEREO</subfield>
  </datafield>
  <datafield tag="546" ind1=" " ind2=" ">
    <subfield code="a">ITALIANO</subfield>
  </datafield>
  <datafield tag="650" ind1=" " ind2=" ">
    <subfield code="a">AVVENTUROSO</subfield>
    <subfield code="e">FILMS [VHS]</subfield>
    <subfield code="x">Codice MATERIA SPICS: 9960</subfield>
    <subfield code="9">50771</subfield>
  </datafield>
  <datafield tag="700" ind1=" " ind2=" ">
    <subfield code="a">Badham John </subfield>
    <subfield code="e">(regista)</subfield>
    <subfield code="g">Codice regista SPICS: 11289</subfield>
    <subfield code="9">50772</subfield>
  </datafield>
  <datafield tag="700" ind1=" " ind2=" ">
    <subfield code="a">Lerner Eric J. </subfield>
    <subfield code="e">(soggetto)</subfield>
    <subfield code="g">Codice Soggetto 2&#xB0; SPICS: 29664</subfield>
    <subfield code="9">50773</subfield>
  </datafield>
  <datafield tag="700" ind1=" " ind2=" ">
    <subfield code="a">Venosta Louis </subfield>
    <subfield code="e">(soggetto)</subfield>
    <subfield code="g">Codice Soggetto SPICS: 37360</subfield>
    <subfield code="9">50774</subfield>
  </datafield>
  <datafield tag="700" ind1=" " ind2=" ">
    <subfield code="a">Zimmer Hans</subfield>
    <subfield code="e">(musica)</subfield>
    <subfield code="g">Codice Musica SPICS: 27223</subfield>
    <subfield code="9">50775</subfield>
  </datafield>
  <datafield tag="942" ind1=" " ind2=" ">
    <subfield code="c">VH</subfield>
    <subfield code="2">ddc</subfield>
  </datafield>
  <datafield tag="999" ind1=" " ind2=" ">
    <subfield code="c">107173</subfield>
    <subfield code="d">107173</subfield>
  </datafield>
  <datafield tag="952" ind1=" " ind2=" ">
    <subfield code="0">0</subfield>
    <subfield code="1">0</subfield>
    <subfield code="4">0</subfield>
    <subfield code="6">B_2023_000000000000000</subfield>
    <subfield code="7">1</subfield>
    <subfield code="a">SPICS</subfield>
    <subfield code="b">SPICS</subfield>
    <subfield code="d">2015-01-31</subfield>
    <subfield code="l">0</subfield>
    <subfield code="o">B2023</subfield>
    <subfield code="r">2015-01-31 00:00:00</subfield>
    <subfield code="w">2015-01-31</subfield>
    <subfield code="y">VH</subfield>
    <subfield code="z">Progr. Ins.: 111 / N.Vol.:1 / Copie: 1 / Pag.:0 / Copia rara: n.d. / date import: 1.2.2015 / By Epidotti, Trombetti, Vaglietti</subfield>
  </datafield>
</record>
